UBT Library

An outline of Latin American economic development / (Record no. 42622)

000 -LEADER
fixed length control field 00601cam a22002171a 4500
001 - CONTROL NUMBER
control field 6473543
005 - DATE AND TIME OF LATEST TRANSACTION
control field 20180215050051.0
008 - FIXED-LENGTH DATA ELEMENTS--GENERAL INFORMATION
fixed length control field 770709s1946 nyuab b 001 0 eng
010 ## - LIBRARY OF CONGRESS CONTROL NUMBER
LC control number 47002355
035 ## - SYSTEM CONTROL NUMBER
System control number (OCoLC)3102919
040 ## - CATALOGING SOURCE
Original cataloging agency DLC
Transcribing agency OC
Modifying agency ICIU
-- PPiU
-- DLC
041 ## - LANGUAGE CODE
Language code of text/sound track or separate title eng
080 ## - UNIVERSAL DECIMAL CLASSIFICATION NUMBER
Universal Decimal Classification number 330.98 WYT
082 ## - DEWEY DECIMAL CLASSIFICATION NUMBER
Classification number 330.98 WYT
100 1# - Rafti
Rafti 52
101 ## - Shkurtesa
Shkurtesa EKO
245 13 - TITLE STATEMENT
Title An outline of Latin American economic development /
Statement of responsibility, etc by George Wythe.
504 ## - BIBLIOGRAPHY, ETC. NOTE
Bibliography, etc Includes bibliographical references and index.
906 ## - LOCAL DATA ELEMENT F, LDF (RLIN)
a 7
b cbc
c oclcrpl
d u
e ncip
f 19
g y-gencatlg
942 ## - ADDED ENTRY ELEMENTS (KOHA)
Source of classification or shelving scheme
Item type Books
Holdings
Withdrawn status Lost status Source of classification or shelving scheme Damaged status Not for loan Collection code Permanent location Current location Shelving location Date acquired Total Checkouts Full call number Barcode Date last seen Price effective from Koha item type
          Koleksioni i përgjithshem UBT - Lipjan UBT - Lipjan Koleksioni i përgjithshem 02/15/2018   330.98 WYT 002-2997420 02/15/2018 02/15/2018 Books
UBT Library © 2015-2024. All rights reserved University Education for Business and Technology